000 00556cab a2200205 4500
001 X2331
008 090401t1995 xxu||||| |||| 00| 0 eng d
035 _a(Sirsi) u23420
041 _aeng
245 _aFree advice for the community
260 _c1995
350 _a0
490 _aCSM (Chartered Surveyor Monthly)
_v4(7) May 1995, 16(1)
650 _aCOMMUNITY ORGANISATIONS
650 _aFREE ADVICE
650 _aPROFESSIONAL FIRMS GROUP
690 _aMANAGEMENT-BUSINESS MANAGEMENT-PROFESSIONAL PRACTICE
942 _n0
948 _c04/03/1997
999 _c15655
_d15655